Pohľad politológie na fenomén korupcie
Tento príspevok ponúka politologický rámec k diskusii o korupcii na Slovensku. Škodlivosť korupcie vo všeobecnosti. Faktory politickej korupcie. Formovanie základných pravidiel a ovládnutie štátu - veľká korupcia (štyri syndrómy). Administratívna korupcia.
Enregistré dans:
| Auteur principal: | |
|---|---|
| Autres auteurs: | |
| Format: | Chapitre de livre |
| Langue: | slovaque |
| Sujets: | |
| Tags: |
Pas de tags, Soyez le premier à ajouter un tag!
|
MARC
| LEADER | 00000naa$a2200000$$$4500 | ||
|---|---|---|---|
| 001 | 0064117 | ||
| 005 | 20231102120057.3 | ||
| 041 | 0 | |a slo | |
| 044 | |a SK | ||
| 245 | 1 | 0 | |a Pohľad politológie na fenomén korupcie |c Katarína Staroňová, Ľudmila Malíková |
| 520 | |a Tento príspevok ponúka politologický rámec k diskusii o korupcii na Slovensku. Škodlivosť korupcie vo všeobecnosti. Faktory politickej korupcie. Formovanie základných pravidiel a ovládnutie štátu - veľká korupcia (štyri syndrómy). Administratívna korupcia. | ||
| 610 | 2 | 0 | |a korupcia |
| 610 | 2 | 0 | |a politika |
| 610 | 2 | 0 | |a politológia |
| 610 | 2 | 0 | |a administratíva |
| 610 | 2 | 0 | |a vláda |
| 610 | 2 | 0 | |a štát |
| 100 | 1 | |a Staroňová, Katarína | |
| 700 | 1 | |a Malíková, Ľudmila | |